| 000 | 00713nam a22001577a 4500 | ||
|---|---|---|---|
| 003 | OSt | ||
| 005 | 20151003160509.0 | ||
| 008 | 151003b xxu||||| |||| 00| 0 eng d | ||
| 040 | _cRUA | ||
| 082 | _aAVM PA 1998 B071 Or.1 | ||
| 100 |
_91935 _aPA, KIM ANG. |
||
| 245 | _aPotential and impact of household pig production associated with breed in ratanakiri, សក្ដានុពលភាព និងផលប៉ះពាល់នៃផលិតកម្ម ជ្រុកជាលក្ខណៈគ្រួសារដែលទាក់ទងទៅនឹងពូជក្នុងខេត្ដរតនគិរី | ||
| 260 |
_aPhnom Penh _bRUA _c1998 |
||
| 300 |
_a55p. _bill. _c29cm. |
||
| 942 |
_2ddc _cAVM |
||
| 999 |
_c1828 _d1828 |
||